Loading...
| Science - Physics | 4 | 1 | 0 | 1 | 70 | 32 | 61.00 | 2 | 4 |
| Philosophy | 2 | 2 | 0 | 0 | 50 | 48 | 68.50 | 1 | 4 |
| Science - Chemistry | 0 | 5 | 0 | 3 | 50 | 79 | 110.80 | 1 | 5 |
| History - American History | 2 | 1 | 0 | 1 | 40 | 62 | 83.00 | 1 | 3 |
| Social Science | 1 | 2 | 0 | 2 | 35 | 51 | 83.67 | 1 | 3 |
| Fine Arts - Visual Fine Arts | 2 | 1 | 2 | 0 | 30 | 25 | 53.33 | 2 | 3 |
| Science - Other Science | 1 | 2 | 1 | 1 | 30 | 34 | 85.00 | 0 | 3 |
| Literature - American Literature | 2 | 0 | 0 | 0 | 30 | 36 | 54.00 | 1 | 2 |
| Current Events | 1 | 1 | 0 | 0 | 25 | 55 | 66.00 | 0 | 1 |
| Religion | 1 | 1 | 0 | 0 | 25 | 43 | 65.50 | 1 | 1 |
| Science - Biology | 0 | 2 | 0 | 0 | 20 | 73 | 86.50 | 1 | 2 |
| History - World History | 1 | 0 | 0 | 0 | 15 | 56 | 56.00 | 1 | 1 |
| Fine Arts - Auditory Fine Arts | 0 | 2 | 1 | 0 | 15 | 82 | 93.00 | 0 | 2 |
| Fine Arts - Other Fine Arts | 1 | 0 | 0 | 0 | 15 | 68 | 68.00 | 0 | 1 |
| Literature - European Literature | 1 | 0 | 1 | 0 | 10 | 57 | 57.00 | 1 | 1 |
| Mythology | 0 | 1 | 0 | 0 | 10 | 65 | 65.00 | 1 | 1 |
| Literature - World Literature | 0 | 0 | 1 | 0 | -5 | 0.00 | 0 | 0 |